Songs from the First Line(s) - 2012 - Statistics

General Stats
  • This quiz has been taken 305 times
  • The average score is 12 of 30
Answer Stats
Hint Answer % Correct
Songs Well, you only need the light when it's burning low / Only miss the sun when it starts to snow Song Let Her Go
81%
Songs I'm waking up to ash and dust / I wipe my brow and I sweat my rust / I'm breathing in the chemicals Artist(s) Imagine Dragons
71%
Songs 낮에는 따사로운 인간적인 여자 / 커피 한잔의 여유를 아는 품격 있는 여자 Song Gangnam Style
70%
Songs 낮에는 따사로운 인간적인 여자 / 커피 한잔의 여유를 아는 품격 있는 여자 Artist(s) Psy
69%
Songs I'm waking up to ash and dust / I wipe my brow and I sweat my rust / I'm breathing in the chemicals Song Radioactive
68%
Songs Well, you only need the light when it's burning low / Only miss the sun when it starts to snow Artist(s) Passenger
65%
Songs Yeah, I, I know it's hard to remember / The people we used to be / It's even harder to picture / That you're not here next to me Artist(s) Maroon 5 / Wiz Khalifa
61%
Songs Yeah, I, I know it's hard to remember / The people we used to be / It's even harder to picture / That you're not here next to me Song Payphone
59%
Songs All along, it was a fever / A cold sweat, hot-headed believer / I threw my hands in the air, said, "Show me something" Artist(s) Rihanna / Mikky Ekko
56%
Songs I've been tryin' to do it right (Hey!) / I've been livin' a lonely life (Ho!) / I've been sleepin' here instead (Hey!) Song Ho Hey
53%
Songs Where there is desire, there is gonna be a flame / Where there is a flame, someone's bound to get burned Artist(s) Pink
53%
Songs This is the end / Hold your breath and count to ten / Feel the Earth move, and then Artist(s) Adele
50%
Songs Where there is desire, there is gonna be a flame / Where there is a flame, someone's bound to get burned Song Try
50%
Songs I've been tryin' to do it right (Hey!) / I've been livin' a lonely life (Ho!) / I've been sleepin' here instead (Hey!) Artist(s) The Lumineers
48%
Songs This is the end / Hold your breath and count to ten / Feel the Earth move, and then Song Skyfall
45%
Songs All along, it was a fever / A cold sweat, hot-headed believer / I threw my hands in the air, said, "Show me something" Song Stay
45%
Songs Days like this, I want to drive away / Pack my bags and watch your shadow fade / You chewed me up and spit me out Artist(s) Katy Perry
42%
Songs Days like this, I want to drive away / Pack my bags and watch your shadow fade / You chewed me up and spit me out Song Part of Me
31%
Songs You had me hooked again from the minute you sat down / The way you bite your lip got my head spinnin' around Artist(s) Olly Murs / Flo Rida
28%
Songs Woke up on the right side of the bed / What's up with this Prince song inside my head? Artist(s) Owl City / Carly Rae Jepsen
26%
Songs Woke up on the right side of the bed / What's up with this Prince song inside my head? Song Good Time
25%
Songs You had me hooked again from the minute you sat down / The way you bite your lip got my head spinnin' around Song Troublemaker
25%
Songs High dive into frozen waves / Where the past comes back to life / Fight fear for the selfish pain / It was worth it every time Song Clarity
16%
Songs High dive into frozen waves / Where the past comes back to life / Fight fear for the selfish pain / It was worth it every time Artist(s) Zedd / Foxes
15%
Songs Hold on, to me as we go / As we roll down this unfamiliar road / And although this wave (Wave) is stringing us along Song Home
14%
Songs Hold on, to me as we go / As we roll down this unfamiliar road / And although this wave (Wave) is stringing us along Artist(s) Phillip Phillips
10%
Songs Well, I woke up to the sound of silence / The cars were cutting like knives in a fist fight Artist(s) Fun
6%
Songs Well, I came home / Like a stone / And I fell heavy into your arms / These days of dust Song I Will Wait
6%
Songs Well, I came home / Like a stone / And I fell heavy into your arms / These days of dust Artist(s) Mumford & Sons
5%
Songs Well, I woke up to the sound of silence / The cars were cutting like knives in a fist fight Song Carry On
4%
No matching quizzes found
Score Distribution
Percent of People with Each Score
Percentile by Number Answered
Your Score History
You have not taken this quiz